Administración financiera
Saved in:
| Main Authors: | , |
|---|---|
| Format: | Bog |
| Sprog: | spansk |
| Udgivet: |
Ciudad de México
McGraw-Hill Interamericana
2005
|
| Udgivelse: | 2a. ed |
| Fag: | |
| Tags: |
Tilføj Tag
Ingen Tags, Vær først til at tagge denne postø!
|
MARC
| LEADER | 00000nam a2200000 a 4500 | ||
|---|---|---|---|
| 001 | UCJ0313 | ||
| 003 | CL-VaPUC | ||
| 005 | 20241108152905.0 | ||
| 008 | 060714e20050000MX |||||||||||||||||spa|d | ||
| 999 | |c 317178 |d 317176 | ||
| 020 | |a 9701050908 | ||
| 040 | |c Pontificia Universidad Católica de Valparaíso | ||
| 082 | 0 | 4 | |a 658.15 |b BLO |2 21 |
| 100 | 0 | |a Block, Stanley B |e author |9 500395 | |
| 245 | 1 | 0 | |a Administración financiera |
| 250 | |a 2a. ed | ||
| 260 | |a Ciudad de México |b McGraw-Hill Interamericana |c 2005 | ||
| 300 | |a 653 p | ||
| 500 | |a Incluye Cd-Rom: Student Cd-Rom to accompany Foundations of financial management | ||
| 500 | |a Puede visitar el sitio en internet del libro: http://www.mhhe.com/bh11e | ||
| 500 | |a Correspondiente a la 11a. ed. en inglés | ||
| 583 | |a last modification |c 20130305 03:48:35 |k Rodrigo Vera | ||
| 650 | 0 | |a Empresas |2 CL-VaPUC |9 893446 |x Finanzas | |
| 650 | 0 | |a Planificación financiera |9 334413 | |
| 650 | 0 | |a Mercado financiero |9 334172 | |
| 700 | 0 | |a Hirt, Geoffrey A |e author |9 500396 | |
| 942 | |c BK |2 ddc | ||
| 945 | |d 20060714 00:00:00 |a cmena | ||
| 952 | |0 0 |1 0 |4 0 |6 658_150000000000000_BLO_2005 |7 0 |8 R |9 393171 |a BIBENE |b BIBENE |d 2019-11-22 |i 425709K |l 2 |o 658.15 BLO 2005 |p 425709K |r 2025-01-15 |s 2024-10-07 |w 2019-11-22 |y BK_R |k ICO | ||